Film dont le titre commence par un U (2) - Version facile - Statistiques

Statistiques générales
  • Ce quiz a été pris 9 fois
  • Le résultat moyen est 6 sur 30
Statistiques - réponses
Année Réalisateur Genre 1 acteur ou
1 actrice
Titre Indice facile % Correct
1966 Claude Lelouch Comédie dramatique Jean-Louis Trintignant Un homme et une femme homme
88%
1962 Henri Verneuil Comédie dramatique Jean Gabin Un singe en hiver singe
88%
1976 Yves Robert Comédie Guy Bedos Un éléphant ça trompe énormément trompe
75%
1988 Charles Crichton Comédie Jamie Lee Curtis Un poisson nommé Wanda poisson
75%
1951 Vincente Minnelli Musical Gene Kelly Un américain à Paris Paris
50%
2000 Jean Becker Comédie Jacques Villeret Un crime au paradis crime
50%
1954 George Cukor Musical Judy Garland Une étoile est née étoile
50%
1963 Jean-Pierre Mocky Comédie Francis Blanche Un drôle de paroissien drôle
38%
1990 Claude Berri Comédie dramatique Fabrice Luchini Uranus *
38%
1977 Claude Berri Comédie Jean-Pierre Marielle Un moment d'égarement moment
25%
2007 Rithy Panh Drame Isabelle Huppert Un barrage contre le Pacifique barrage
13%
1944 Maurice Cammage Comédie Fernandel Un chapeau de paille d'Italie chapeau
13%
1956 Robert Bresson Comédie dramatique François Leterrier Un condamné à mort s'est échappé mort
13%
1978 Jacques Deray Drame psychologique Lino Ventura Un papillon sur l'épaule épaule
13%
1998 Frédéric Auburtin Comédie dramatique Gérard Depardieu Un pont entre deux rives pont
13%
1955 Mario Camerini Peplum Kirk Douglas Ulysse *
0%
1962 John Frankenheimer Drame psychologique Frank Sinatra Un crime dans la tête crime
0%
1936 Christian-Jaque Comédie Fernandel Un de la Légion Un
0%
1975 Joseph Losey Drame Glenda Jackson Une anglaise romantique anglaise
0%
1975 Stuart Millar Western John Wayne Une bible et un fusil fusil
0%
1940 Raoul Walsh Comédie dramatique Humphrey Bogart Une femme dangereuse femme
0%
1972 Jean-Louis Trintignant Policier Jacques Dufilho Une journée bien remplie journée
0%
1943 Richard Thorpe Espionnage Joan Crawford Un espion a disparu disparu
0%
1970 Robert Mulligan Comédie dramatique Jennifer O'Neill Un été 42 été
0%
1980 Alain Cavalier Drame Jean Rochefort Un étrange voyage voyage
0%
2008 Francis Huster Comédie Jean-Paul Belmondo Un homme et son chien homme
0%
1969 Claude Lelouch Comédie dramatique Jean-Paul Belmondo Un homme qui me plait homme
0%
1972 Etienne Perier Policier Jean-Claude Brialy Un meurtre est un meurtre meurtre
0%
1974 John Sturges Policier John Wayne Un silencieux au bout du canon canon
0%
1980 James Bridge Drame John Travolta Urban cowboy *
0%
Aucun quiz correspondant
Distribution des résultats
% des personnes avec chaque résultat
Percentile par nombre de réponses
Votre historique - résultats
Vous n’avez pas pris ce quiz